000 00807nam a2200241 i 4500
001 147556
003 ES-MaACL
005 20250930063127.0
007 t|
008 071003s1973 sp ||||1| spa d
080 _a929 Bolívar, Simón
100 1 _aBolívar, Simón,
_d1783-1830
_929964
245 1 0 _aBolívar
_b: estudio y antología /
_cpor Raúl Urueta Insignares.
260 _aMadrid :
_bCompañía Bibliográfica Española,
_c[1973]
300 _a222 p. ;
_c19 cm.
490 1 _aUn autor en un libro ;
_v37
600 1 4 _aBolívar, Simón,
_d1783-1830
_929964
700 1 _aUrueta Insignares, Raúl.
_9112276
710 2 _aCompañía Bibliográfica Española.
_9171207
830 1 _aUn autor en un libro ;
_v37
_9182717
852 _aES-MaACL
_jC-55697
999 _c147556
_d147556